Ángel Di María quiz - Statistics

General Stats
  • This quiz has been taken 10 times
  • The average score is 9 of 20
Answer Stats
Hint Answer % Correct
Which club did Di María join after Manchester United Paris Saint-Germain
100%
Returned to play for which club in Portugal in 2023 Benfica
88%
Scored the winning goal in the Copa América 2021 final against which country Brazil
88%
How many UEFA Champions League titles has Di María won 1
75%
Di María’s house was burgled during his time at which Premier League club Manchester United
75%
In what stadium did Di María score the winning goal in the Copa América 2021 final Maracanã
63%
Born in which Argentine city Rosario
63%
What number did Di María wear most commonly at PSG 11
50%
What year did Di María win the Olympic gold medal in football with Argentina 2008
50%
Di María transferred to Manchester United in 2014 for a fee of around how many million euros 75
50%
In what minute did Di María score in the 2021 Copa América final 22
38%
Nickname is Di María commonly known by Fideo
38%
Played for which Argentine club at the beginning of his professional career Rosario Central
38%
Which famous Argentine manager gave Di María his international debut Alfio Basile
25%
Di María is married to Jorgelina Cardoso
25%
Di María won the UEFA Super Cup 2014 with Real Madrid against which club Sevilla
25%
Di María’s first international goal came against which national team Canada
13%
Di María’s first Champions League goal came against which club Celtic
13%
Di María is often compared to which other legendary Argentine winger who also wore #11 Kily González
13%
What was Di María's first official goal for Real Madrid against Real Sociedad
13%
No matching quizzes found
Score Distribution
Percent of People with Each Score
Percentile by Number Answered
Your Score History
You have not taken this quiz